000 00649cam a22002413a 4500
001 19593
003 PGUSA
005 20140828083421.0
008 061020s2006||||xxu|||||s|||||000 1 eng d
040 _aPGUSA
_beng
042 _adc
050 4 _aPS
100 1 _aCrane, Stephen,
_d1871-1900
245 1 4 _aThe Third Violet
_h[electronic resource] /
_cStephen Crane
260 _bProject Gutenberg,
_c2006
506 _aPublic domain in the USA.
516 _aElectronic text
653 _aArtists -- Fiction
653 _aLove stories
830 0 _aProject Gutenberg
_v19593
856 4 0 _uhttp://www.gutenberg.org/ebooks/19593
942 _cEB
999 _c248848
_d248848